Mtawa mweusi. (Record no. 29382)
[ view plain ]
| 000 -LEADER | |
|---|---|
| fixed length control field | 00841cam a22002651 4500 |
| 001 - CONTROL NUMBER | |
| control field | 9007280 |
| 005 - DATE AND TIME OF LATEST TRANSACTION | |
| control field | 20171205123020.0 |
| 008 - FIXED-LENGTH DATA ELEMENTS--GENERAL INFORMATION | |
| fixed length control field | 770309s1970 ke 000 1 swa |
| 010 ## - LIBRARY OF CONGRESS CONTROL NUMBER | |
| LC control number | 73983026 |
| 020 ## - INTERNATIONAL STANDARD BOOK NUMBER | |
| International Standard Book Number | 0435909711 |
| 035 ## - SYSTEM CONTROL NUMBER | |
| System control number | (OCoLC)2788100 |
| 040 ## - CATALOGING SOURCE | |
| Original cataloging agency | DLC |
| Transcribing agency | MBU |
| Modifying agency | DLC |
| 042 ## - AUTHENTICATION CODE | |
| Authentication code | premarc |
| 050 00 - LIBRARY OF CONGRESS CALL NUMBER | |
| Classification number | PR 9381.9 .N48 2004 |
| 100 0# - MAIN ENTRY--PERSONAL NAME | |
| Personal name | Ngũgĩ wa Thiongʾo, |
| Dates associated with a name | 1938- |
| 245 10 - TITLE STATEMENT | |
| Title | Mtawa mweusi. |
| 260 ## - PUBLICATION, DISTRIBUTION, ETC. (IMPRINT) | |
| Place of publication, distribution, etc. | Nairobi, |
| Name of publisher, distributor, etc. | E.A.E.P., |
| Date of publication, distribution, etc. | [1970] |
| 300 ## - PHYSICAL DESCRIPTION | |
| Extent | 84 p. |
| Dimensions | 19 cm. |
| 490 0# - SERIES STATEMENT | |
| Series statement | Waandishi wa Kiafrika S2 |
| 500 ## - GENERAL NOTE | |
| General note | Translation of The black hermit. |
| 500 ## - GENERAL NOTE | |
| General note | Published under the author's earlier name: James Ngugi. |
| 906 ## - LOCAL DATA ELEMENT F, LDF (RLIN) | |
| a | 7 |
| b | cbc |
| c | oclcrpl |
| d | u |
| e | ncip |
| f | 19 |
| g | y-gencatlg |
| 942 ## - ADDED ENTRY ELEMENTS (KOHA) | |
| Source of classification or shelving scheme | |
| Koha item type | Africana (Books) |
| Classification part | PR 9381.9 .N48 2004 |
| Withdrawn status | Lost status | Source of classification or shelving scheme | Damaged status | Not for loan | Home library | Current library | Shelving location | Date acquired | Source of acquisition | Cost, normal purchase price | Total Checkouts | Full call number | Barcode | Date last seen | Date last checked out | Price effective from | Koha item type |
|---|---|---|---|---|---|---|---|---|---|---|---|---|---|---|---|---|---|
| MACHAKOS UNIVERSITY LIBRARY | MACHAKOS UNIVERSITY LIBRARY | Africana | 05/12/2017 | PURCHASE (TEXTBOOK) | 499.00 | 1 | PR 9381.9 .N48 2004 | 37514 | 03/04/2023 | 03/04/2023 | 05/12/2017 | Africana (Books) | |||||
| MACHAKOS UNIVERSITY LIBRARY | MACHAKOS UNIVERSITY LIBRARY | Africana | 05/12/2017 | PURCHASE (TEXTBOOK) | 499.00 | 1 | PR 9381.9 .N48 2004 | 37515 | 14/09/2022 | 14/09/2022 | 05/12/2017 | Africana (Books) | |||||
| MACHAKOS UNIVERSITY LIBRARY | MACHAKOS UNIVERSITY LIBRARY | Africana | 05/12/2017 | PURCHASE (TEXTBOOK) | 499.00 | 1 | PR 9381.9 .N48 2004 | 37516 | 14/07/2021 | 14/07/2021 | 05/12/2017 | Africana (Books) |